000 00875nam a2200253 a 4500
005 20200104041507.0
008 140219s1994 ck a gr|||| 000 0 spa d
040 _aCO-BoIAVH
_cCO-BoIAVH
041 0 _aspa
044 _ack
082 0 4 _a398.2
_bS57m
100 1 _aSierra García, Jaime
245 1 3 _aLa mitología antioqueña y la defensa del medio ambiente /
_cCorporación Autónoma Regional Rionegro
250 _aPrimera edición
260 _aMedellín :
_bCorporación Autónoma Regional Rionegro ,
_c1995.
300 _a50 páginas :
_bIlustraciones ;
_c22 x 16 cm.
650 6 _aConservación de biodiversidad
650 6 _aMitología
650 6 _aEducación ambiental
650 6 _aMedio ambiente
662 _aColombia
_bAntioquia
710 2 _aColombia
_bCorporación Autónoma Regional Rionegro
942 _cLIBRO
_2ddc
999 _c192
_d192